000 00632nam a22002297a 4500
003 UA-OsUOA
001 93554
007 ta
008 20130122b un ||||| |||| 00| 0 ukr d
090 _a016:929
_bМ59
942 _cBK
040 _aUA-OsUOA
_bukr
_cUA-OsUOA
_dUA-OsUOA
245 _aМикола Васильович Новіков
_cукл. Колодніцька Н. І.
300 _a232 с.
955 _a1
041 _aukr
080 _a016:929
020 _a978-966-02-6362-8
260 _aК.
_c2012
650 7 _a01 Бібліографія і бібліографії. Каталоги
_2UDC
999 _c379776
_d379776